Communication skills for engineers / (Record no. 8404)
[ view plain ]
| 000 -LEADER | |
|---|---|
| fixed length control field | 00671nam a22002172 4500 |
| 001 - CONTROL NUMBER | |
| control field | 0000013008 |
| 005 - DATE AND TIME OF LATEST TRANSACTION | |
| control field | 20151217152119.0 |
| 008 - FIXED-LENGTH DATA ELEMENTS--GENERAL INFORMATION | |
| fixed length control field | 090519s xx 000 0 eng d |
| 020 ## - INTERNATIONAL STANDARD BOOK NUMBER | |
| International Standard Book Number | 8177584370 : |
| 040 ## - CATALOGING SOURCE | |
| Original cataloging agency | KABU |
| Transcribing agency | KABU |
| 100 1# - MAIN ENTRY--PERSONAL NAME | |
| Personal name | Mishra, Sunita. |
| -- | 0000170058 |
| 245 10 - TITLE STATEMENT | |
| Title | Communication skills for engineers / |
| Statement of responsibility, etc. | Sunita Mishra, C. Muralikrishna. |
| 250 ## - EDITION STATEMENT | |
| Edition statement | 1st ed. |
| 260 ## - PUBLICATION, DISTRIBUTION, ETC. (IMPRINT) | |
| Place of publication, distribution, etc. | New Delhi : |
| Name of publisher, distributor, etc. | Pearson Education, |
| Date of publication, distribution, etc. | 2004. |
| 300 ## - PHYSICAL DESCRIPTION | |
| Extent | xii, 257 p. |
| 650 #0 - SUBJECT ADDED ENTRY--TOPICAL TERM | |
| Topical term or geographic name as entry element | Communication in engineering. |
| -- | 0000170059 |
| 700 1# - ADDED ENTRY--PERSONAL NAME | |
| Personal name | Muralikrishna, C. |
| -- | 0000170060 |
| 852 1# - LOCATION | |
| -- | p3550 KES |
| 908 ## - PUT COMMAND PARAMETER (RLIN) | |
| Put command parameter | 090519 |
| 950 ## - LOCAL HOLDINGS (RLIN) | |
| -- | 1 |
| Withdrawn status | Lost status | Source of classification or shelving scheme | Not for loan | Home library | Current library | Date acquired | Total Checkouts | Full call number | Barcode | Date last seen | Date last checked out | Price effective from | Koha item type |
|---|---|---|---|---|---|---|---|---|---|---|---|---|---|
| Library of Congress Classification | Kabarak, Main Campus | Kabarak, Main Campus | 17/12/2015 | 2 | TA158.8 .M57 2004 c. 1 | 17571 | 10/10/2017 | 26/09/2017 | 17/12/2015 | General Collection |